000 00345nam a2200145Ia 4500
008 230917s9999||||xx |||||||||||||| ||und||
040 _e34677
_aMAIN
041 _aEnglish
082 _a942 N259C
100 _aNeale, R S
245 0 _aClass in English history
260 _aOxford
_bBasil Blackwell
_c1982
300 _avi,250 p.
942 _cBK
999 _c38341
_d38341